| 000 | 00576cam a2200169u 4500 | ||
|---|---|---|---|
| 082 |
_a621.8 _bSIP _cL-24, P-22 |
||
| 100 | 1 |
_aSipowicz, A. _941969 |
|
| 245 | 0 | 4 |
_aThe principles of fitting, _cspecially designed for use by those in the aircraft and automobile industries, |
| 260 |
_aLondon, _bG. Newnes limited _c[1945] |
||
| 300 |
_a168 p. _billus., diagrs. _c23 cm. |
||
| 526 |
_a0 _b0 _c0 _d621_800000000000000_SIP |
||
| 650 | 0 |
_aAirplanes _xMotors. _941970 |
|
| 650 | 0 |
_aMachine-shop practice. _936237 |
|
| 650 | 0 |
_aMCE _9379 |
|
| 650 | 0 |
_aMeasurement. _935886 |
|
| 942 |
_2ddc _cBK |
||
| 999 |
_c545985 _d545985 |
||